000 00859nam a2200253 a 4500
001 BRCA_5702
005 20190320205203.0
008 210910s2008----mx-a######---#000-0#spa-#
020 _a9789680303823
041 _aspa
044 _amx
050 4 _aN2030.R3
_b.Z37 2008
245 1 0 _aZares
_barte y cultura del Imperio Ruso. Colecciones del Museo del Ermitage.
260 _aMéxico
_bINAH
_c2008
300 _a432 p.
_bil. a color
_c30 cm.
500 _aIncluye catálogo de obra
500 _aCatálogo de la exposición realizada en el Museo Nacional de Antropología (Ciudad de México)
500 _aColección Sonia Corcuera de Mancera
504 _aBibliografía: p. 401-410
610 2 4 _aMuseo del Ermitage (San Petersburgo, Rusia)
_xColecciones de arte
_914483
650 1 4 _aMuseos de arte
_zRusia
_914484
902 _aDSC
942 _2lcc
_cB
999 _c5395
_d5395